Most watched TV channels in Luxembourg - Statistics

General Stats
  • This quiz has been taken 23 times
  • The average score is 5 of 10
Answer Stats
Language % Channel % Correct
🇩🇪 4,8 RTL
100%
🇱🇺 20,1 RTL Télé Lëtzebuerg
100%
🇫🇷 10,4 TF1
57%
🇩🇪 9,9 ARD
43%
🇫🇷 6,9 France 2
43%
🇩🇪 4,5 PRO7
43%
🇩🇪 9,3 ZDF
43%
🇫🇷 3,2 La Une
14%
🇫🇷 6,6 M6
14%
🇵🇹 3,0 TVI
14%
No matching quizzes found
Score Distribution
Percent of People with Each Score
Percentile by Number Answered
Your Score History
You have not taken this quiz